| 000 | 00957nam a2200217Ia 4500 | ||
|---|---|---|---|
| 001 | 3035 | ||
| 003 | GE_BSU | ||
| 008 | 181216s||||||||xx |||||||||||||| ||und|| | ||
| 020 | _a589680054; 5887960124 | ||
| 040 | _cGE_BSU | ||
| 080 | _a33(031)+347.4 | ||
| 245 | _aОсновы Договорных отношений в Экономическом пространстве СНГ. Энциклопедия Международных контрактных отношений; Российский фонд фундаментальных исследований | ||
| 245 | _cПод. общей редакцией : М. Б. Биржакова, | ||
| 260 | _aМосква | ||
| 260 | _bСПБ Филинь-ОЛБИС | ||
| 260 | _c1997 | ||
| 300 | _a768 ст. 24 см. | ||
| 541 | _h18 Л. | ||
| 653 | _aОсновы Договорных отношений в Экономическом пространстве | ||
| 942 | _cBK | ||
| 999 |
_c37079 _d37079 |
||